MARC

LEADER 00000nam0a2200000 4500
001 368512
005 20231102012106.0
035 |a (RuTPU)RU\TPU\retro\25894 
090 |a 368512 
100 |a 20220413d1979 km y0rusy50 ca 
101 0 |a rus 
102 |a GE 
105 |a a z 001zy 
200 1 |a Карстовые воды Большого Кавказа и основнын проблемы гидрологии карста  |f Г. Н. Гигинейшвили  |g Академия наук Грузинской ССР, Институт географии им. Вахушти Багратиони 
210 |a Тбилиси  |c Мецниереба  |d 1979 
215 |a 224 с.  |c ил. 
320 |a Библиогр.: с. 220-222 
606 1 |a Карстовые явления  |2 stltpush  |3 (RuTPU)RU\TPU\subj\39362  |9 59476 
610 1 |a карстовые воды 
610 1 |a Большой Кавказ 
610 1 |a гидрология 
610 1 |a карст 
610 1 |a рефлекторные механизмы 
610 1 |a использование 
610 1 |a охрана 
675 |a 551.44  |v 4 
700 1 |a Гигинейшвили  |b Г. Н.  |g Гиви Николаевич 
712 0 2 |a Академия наук Грузинской ССР  |b Институт географии им. Вахушти Багратиони  |2 stltpush  |3 (RuTPU)RU\TPU\col\18094  |9 26889 
801 1 |a RU  |b 63413507  |c 20220413 
942 |c BK